000 00597cam a22002053a 4500
001 43404
003 PGUSA
005 20140828084004.0
008 130805s2013||||xxu|||||s|||||000 | eng d
040 _aPGUSA
_beng
042 _adc
100 1 _aOliphant,
_cMrs
_q(Margaret),
_d1828-1897
245 1 4 _aThe Days of My Life :
_bAn Autobiography
_h[electronic resource] /
_cOliphant,
260 _bProject Gutenberg,
_c2013
506 _aPublic domain in the USA.
516 _aElectronic text
830 0 _aProject Gutenberg
_v43404
856 4 0 _uhttp://www.gutenberg.org/ebooks/43404
942 _cEB
999 _c272655
_d272655